| 000 | 01327nas a22003011 4500 | ||
|---|---|---|---|
| 001 | 36542 | ||
| 003 | BD-RjUL | ||
| 005 | 20211209052512.0 | ||
| 008 | 140626s1959 n ar sa 0 a0eng c | ||
| 035 | _a(BD-RjUL)36642 | ||
| 040 |
_aMnMULS _cMnMULS _dOCoLC _dNSDP _dOCoLC _dNSDP _dDLC _dOCoLC _dBD-RjUL _beng |
||
| 041 | _aeng | ||
| 082 | 0 |
_a658.56205873 _bQUA V-4 1959 |
|
| 245 | 0 | 0 |
_aQuality control and applied statistics yearbook : _bOperation research yearbook 1959 / _cEdited by Robert S. Titchen ...[et al.] _nVolume IV : _pThese abstracts were originallly published as Quality control and applied statistics abstract service |
| 260 |
_aNewyork : _bInternational publishers, _c1959. |
||
| 300 |
_a1348 p. : _bill. ; _c25 cm. |
||
| 500 | _a"Abstracts of papers ... originally published in ... the outstanding journals of this and foreign countries." | ||
| 500 | _aBinder's title, 19 Quality control yearbook. | ||
| 580 | _aAn annual cumulation of the abstracts originally published in Quality control and applied statistics. | ||
| 650 | 0 |
_aQuality control _vAbstracts _vPeriodicals. _9111277 |
|
| 650 | 0 |
_aStatistics _vAbstracts _vPeriodicals. _9111278 |
|
| 700 |
_aRobert S. Titchen ...[et al.] _9111279 |
||
| 942 |
_2ddc _cBK |
||
| 999 |
_c36542 _d36542 |
||